Canciones de Los Fabulosos Cadillacs - Estadísticas

Estadísticas generales
  • Esta prueba ha sido intentada 6 veces
  • La puntuación promedio es 21 de 168
Estadísticas de respuestas
Bares y fondas % Correcto
Calaveras y diablitos
100%
Matador
100%
Vasos vacíos
100%
Mal bicho
80%
Manuel Santillán, El León [reggae]
80%
Manuel Santillán, El León [salsa]
80%
Carnaval toda la vida
60%
El satánico Dr. Cadillac
60%
El satánico Dr. Cadillac [versión '93]
60%
La luz del ritmo
60%
Siguiendo la luna
60%
Vos sabés
60%
Yo te avisé
60%
Desapariciones
40%
La marcha del golazo solitario
40%
Mi novia se cayó en un pozo ciego
40%
Mi novia se cayó en un pozo ciego [versión '93]
40%
Padre nuestro
40%
Strawberry Fields Forever
40%
Bares y fondas
20%
Basta de llamarme así
20%
Basta de llamarme así [versión '93]
20%
Belcha
20%
Carmela
20%
Demasiada presión
20%
El aguijón
20%
El genio del dub
20%
Galápagos
20%
Gitana
20%
Gitana [remix]
20%
Juan
20%
La vida
20%
Radio Kriminal
20%
Silencio hospital
20%
Silencio hospital [versión demo]
20%
Yo no me sentaría en tu mesa
20%
1987
0%
57 almas
0%
A amigo J.V.
0%
A.D.R.B (en busca eterna)
0%
Águila
0%
Álamo
0%
Amnesia
0%
Arde Buenos Aires
0%
Aún los escuchamos cantar
0%
Averno, el fantasma
0%
Botella de humo
0%
Botellas rotas
0%
Caballo de madera
0%
Cadillacs
0%
Cadillacs [versión '93]
0%
Canción de Solo para Juan (los olvidados)
0%
Cartas, flores y un puñal
0%
Cebolla, el nadador
0%
Chico perdido
0%
Ciego de amor
0%
C.J.
0%
Contrabando de amor
0%
Conversación nocturna
0%
Destino de paria
0%
El baile de la mar
0%
El carnicero de Giles / Sueño
0%
El crucero del amor
0%
Electrasonic V
0%
El fin del amor
0%
El golpe de tu corazón
0%
El impacto
0%
El mensaje soy yo
0%
El muerto
0%
El profesor Galíndez
0%
El rey del swing
0%
El sonido joven de América
0%
En mis venas
0%
Estamos perdiendo
0%
Es tan lejos aquí
0%
Estoy harto de verte con otros
0%
Estratos (A: números / B: la culpa)
0%
Estrella de mar
0%
Fiebre '90
0%
Flores
0%
Gallo rojo
0%
Hora cero
0%
Howen
0%
Hoy
0%
Hoy lloré canción
0%
Il pajarito
0%
La chica de los ojos café
0%
La manera correcta de gritar
0%
La música salvará al mundo
0%
Lanzallamas
0%
La rosca
0%
Las venas abiertas de América
0%
La tormenta
0%
Los condenaditos
0%
Los olvidados
0%
Mamá
0%
Más solo que la noche anterior
0%
Miami
0%
Mi nombre es Travis
0%
Muerte querida
0%
Muy, muy temprano
0%
Navidad
0%
Necesito una nariz de payaso, ¿no me prestás la tuya...?
0%
Negra
0%
Niño diamante
0%
Noches árabes
0%
No era para vos
0%
No pienses que fui yo
0%
Nosotros egoístas
0%
Nro. 2 en tu lista
0%
Obertura del faro
0%
Paquito
0%
Piazzola
0%
Piraña, todos los argentinos somos D.T.
0%
Planeta cero
0%
Queen from the ghetto
0%
Raggapunkypartyrebelde
0%
Reparito
0%
Revolution Rock
0%
Ríos de lágrimas
0%
Roble
0%
Rudy (un mensaje para vos)
0%
Sábato
0%
Saco azul
0%
Salvador y los cordones flojos
0%
Should I Stay Or Should I Go
0%
Siempre me hablaste de ella
0%
Siete jinetes
0%
Soledad
0%
Surfer calavera
0%
Tanto como un dios
0%
Te extraño (Miss You)
0%
Tengo solamente dos maneras de estar cerca del cielo
0%
Te tiraré del altar
0%
Te tiraré del altar [versión '93]
0%
Todas las cosas que ella me dio
0%
Tus tontas trampas
0%
Twist y gritos
0%
Una ciudad llamada vacío
0%
Vamos ya!
0%
V Centenario
0%
Venganza
0%
Verano salvaje
0%
Vos sin sentimiento
0%
Wake Up And Make Love With Me
0%
Yo quiero morirme acá
0%
No se encontraron pruebas coincidentes
Distribución de puntuación
Porcentaje de gente con cada puntuación
Porcentaje por número respondido
Historial de tus puntuaciones
No has intentado esta prueba.